000 00330nam a22001337a 4500
008 171101b xxu||||| |||| 00| 0 eng d
020 _a9780195045635
041 _aeng
080 _a339
100 _a59
101 _aTRE
245 _aECONOMIC GROWTH AND THE ENDING OF THE TRANSATLANTIC SLAVE TRADE
_cELTIS,D
942 _2udc
_cBK
999 _c37071
_d37071